1434 1161 1483 1170 1756 1964 1488 1926 1520 1144 1180 1303 1267 1533 1491 1432 1379 1781 1675 1381 1843 1986 1864 1655 1022 1861 1777 1228 1931 1382 1048 1347 1408 1290 1079 1514 1016 1253 1410 1265 1707 1636 1289 1528 1625 1642 1724 1101 1118 1215 1062 1121 1228 1960 1282 1072 1350 1474 1572 1859 1911 1871 1490 1768 1363 1807 1712 1505 1302 1579 1690 1574 1359 1679 1048 1128 1038 1595 1971 1137 1344 1759 1872 1996 1729 1758 1227 1458 1380 1518 1674 1389 1644 1241 1346 1948 1322 1747 1972 BCNSPRNW ULIB Ver.6.0+V

เปลี่ยนเป็นภาษาไทย

Change to English
 แสดงรายละเอียดบรรณานุกรม
  กลับหน้าหลัก

Brief Record : Get Marc (ISO 2709) : E-mail record : QR code < ปิดหน้าต่าง
LEADER : 00000nam 2200000uu 4500
001    13399114778
003     ULIB
008    120517s2553||||th 000 0 tha d
020    ^a9749301706
020    ^a9789749301708
060 04 ^aWB537^bม686ค
110 1  ^aมูลนิธิการแพทย์แผนไทยพัฒนา
245 10 ^aคู่มืออบรมการนวดไทย : แบบเชลยศักดิ์ /^cมูลนิธิการแพทย์แผนไทยพัฒนา
250    ^aพิมพ์ครั้งที่ 3
260    ^aกรุงเทพฯ :^bมูลนิธิการแพทย์แผนไทยพัฒนา,^c2553
300    ^a134 หน้า :^bภาพประกอบสี
650  7 ^aการนวด
650  7 ^aคู่มืออบรม^xการนวดไทย
650  7 ^aเชลยศักดิ์
700 0  ^aเพ็ญนภา ทรัพย์เจริญ,^eบรรณาธิการ
945    ^p200^l0^i19063
995    ^aกัณชพร
999    ^aใช้งานได้ทุกระบบ
รายการนี้ยังไม่มีแท็ก
คุณยังไม่ได้ล็อกอิน คุณสามารถมีกิจกรรมร่วมกับเว็บไซต์ได้ แต่ต้องล็อกอินก่อน ::
  ล็อกอิน

รายการสื่อสารสนเทศ

ลำดับที่ ประเภท เลขเรียก/บาร์โค้ด สถานที่ สถานะ
1. วิทยาศาสตร์การแพทย์ และสุขภาพ
วิทยาศาสตร์การแพทย์ และสุขภาพ
สถานะ=หนังสือเก่า
WB537 ม686ค  
  Barcode: 19063
ห้องสมุดวิทยาเขตนครสวรรค์
►ส่วนจัดเก็บหนังสือเก่า นว.
บนชั้น
  ขอยืม

รายการใกล้เคียง
    หัวเรื่อง [การนวด]
    หัวเรื่อง [เชลยศักดิ์]

BibComment


ยังไม่เคยถูกคอมเมนท์

คอมเมนท์ทรัพยากรรายการนี้
  คอมเมนท์: คู่มืออบรมการนวด..


 Copyright 2026. Bcnsprnw @Library